000 01094 a2200205 4500
001 47676
005 20260407155743.0
008 260407a1967 arg spa d
003 AR-UNSa-BCEJYS
040 _aAR-UNSa-BCEJYS
_bspa
_cAR-UNSa-BCEJYS
080 _a330
_xEconomía en general
245 1 0 _aLa economía socialista
264 1 _aBuenos Aires :
_bAmorrortu Editores
_c1967
300 _a236 p.
_c23 cm.
505 _aPrimera Parte: Introducción: 1. La comparación económica - 2. La controversia socialista - Segunda Parte: Socialismo centralizado: 3. La preparación del plan central - 4. La organización económica soviética clásica - 5. La sociedad dirigida - 6. Dos economías dirigidas: comparación - Tercera Parte: Socialismo descentralizado: 7. Reforma del sistema soviético clásico - 8. Iliria: un sindicalismo de mercado - 9. El medio ilirio - 10. La estabilidad iliria.
942 _cBK
590 _aniveau_biblio:m niveau_hierar:0
100 1 _aWard, Benjamin
856 4 1 _uhttps://biblioeco.unsa.edu.ar/pmb/images/libros/L127642.jpg
_yImagen de portada
_qimage/jpeg
999 _c4439
_d4439